Obras de don José Joaquín Vallejo (Jotabeche) (Registro nro. 67022)
[ vista simple ]
| 000 -ENCABEZADO | |
|---|---|
| Número de control [NR] | 01770nam a22003017a 4500 |
| 005 - FECHA Y HORA DE LA ÚLTIMA TRANSACCIÓN | |
| control field | 20151112110113.0 |
| 008 - DE LONGITUD FIJA DE DATOS DE ELEMENTOS - INFORMACIÓN GENERAL | |
| Elementos de longitud fija [NR] | 130419s1911||||cl ||||fr|||||001|0dspa|d |
| 040 ## - FUENTE DE CATALOGACION [NR] | |
| Agencia de catalogación original [NR] | Co-BoUCM |
| Idioma de catalogación [NR] | spa |
| Quien Cataloga | Sandra Yazo (modificó) |
| Quien Clasifica | Sandra Yazo (modificó) |
| 041 0# - CODIGO DE IDIOMA [R] | |
| Código de idioma para texto/pista de sonido o título separado [R] | Español |
| 082 04 - NUMERO DE CLASIFICACION DECIMAL DEWEY [R] | |
| Número de clasificación [R] | 923.83 |
| Número de la edición [NR] | 20 |
| 092 ## - SIGNATURA TOPOGRAFICA LOCAL | |
| Número de clasificación local | E02N072 |
| 100 1# - ASIENTO PRINCIPAL--NOMBRE PERSONAL [NR] | |
| Nombre personal [NR] | Vallejo, José Joaquín |
| Fechas asociadas con el nombre [NR] | 1811-1858 |
| ID Autoridad | 36991 |
| 245 10 - MENCION DE TITULO [NR] | |
| Título [NR] | Obras de don José Joaquín Vallejo (Jotabeche) |
| Mención de responsabilidad, etc. [NR] | Precedidas de un estudio crítico y biográfico de don Alberto Edwards |
| 260 ## - PUBLICACION, DISTRIBUCION, ETC. (PIE DE IMPRENTA) [R] | |
| Lugar de publicación, distribución, etc. [R] | Santiago de Chile (Chile) |
| Nombre del editor, distribuidor, etc. [R] | Imprenta Barcelona |
| Fecha de publicación, distribución, etc. [R] | 1911 |
| 300 ## - DESCRIPCION FISICA [R] | |
| Extensión [R] | lxii, 567 páginas |
| Dimensiones [R] | 2 x 14 cm. |
| 490 #0 - MENCION DE SERIE [R] | |
| Mención de serie [R] | Biblioteca de Escritores de Chile |
| Designación numérica/secuencial del volumen [NR] | 6 |
| 500 ## - NOTA GENERAL [R] | |
| Nota general [NR] | Detalles físicos: Encuadernación rígida en cartón forrado en tela. Lomo con tejuelo. Tapas residuos de cinta. Guardas. Hoja de cortesía. Anteportada. Portada impresa dos tintas con un motivo decorativo. Fotografía del biografiado. Remates. Texto impreso en una columna. Notas de pie de página |
| 504 ## - NOTA DE BIBLIOGRAFIA, ETC. [R] | |
| Nota de bibliografía, etc. [NR] | Incluye referencias bibliográficas |
| 505 2# - NOTA DE CONTENIDO CON FORMATO PREESTABLECIDO [R] | |
| Nota de contenido con formato preestablecido [NR] | Jotabeche: Su vida y sus obras ; Bibliografía ; Prólogo de la primera edición ; Primeros ensayos ; Artículos publicados en "La Guerra a la Tiranía" ; Artículos de costumbres ; Artículos varios, manifiestos, comunicados ; Crónicas parlamentarias ; Discursos parlamentarios ; Correspondencia epistolar y diplomática |
| 506 ## - NOTA DE RESTRICCIONES DE ACCESO [R] | |
| Condiciones de acceso [NR] | Consulta en sala |
| 600 14 - ASIENTO SECUNDARIO DE MATERIA - NOMBRE PERSONAL [R] | |
| Nombre personal [NR] | Vallejo, José Joaquín |
| Fechas asociadas con el nombre [NR] | 1811-1858 |
| Subdivisión general [R] | Colección de escritos |
| 9 (RLIN) | 73575 |
| 650 #7 - ASIENTO SECUNDARIO DE MATERIA - TERMINO TEMATICO [R] | |
| Término temático o nombre geográfico como elemento de entrada [NR] | Literatura chilena |
| 9 (RLIN) | 18625 |
| 650 #7 - ASIENTO SECUNDARIO DE MATERIA - TERMINO TEMATICO [R] | |
| Término temático o nombre geográfico como elemento de entrada [NR] | Ensayos chilenos |
| 9 (RLIN) | 14554 |
| 651 #4 - ASIENTO SECUNDARIO DE MATERIA - NOMBRE GEOGRAFICO [R] | |
| Nombre geográfico [NR] | Chile |
| Subdivisión general [R] | Vida social y costumbres |
| 9 (RLIN) | 26603 |
| 690 ## - ASUNTO AGREGADO LOCAL DE ENTRADA - TÉRMINO TEMÁTICO (OCLC, RLIN) | |
| Acceso temático local | Literatura latinoamericana |
| 9 (RLIN) | 42866 |
| 700 1# - ASIENTO SECUNDARIO - NOMBRE PERSONAL [R] | |
| Nombre personal [NR] | Edwards, Alberto |
| Fechas asociadas con el nombre [NR] | 1874-1932 |
| 9 (RLIN) | 36992 |
| 942 ## - ELEMENTOS DE ENTRADA AGREGADOS (KOHA) | |
| Tipo de ítem principal el descrito en 300a | Libro |
| Edición | 1 |
| Tema principal | 21 |
| Sistema de clasificación | LOCAL |
| Clasificación | E02N072 |
| Suprimido | Perdido | Sistema de clasificación | Dañado | No prestable | Tipo de ítem específico | Ubicación habitual | Ubicación actual | Localización | Fecha de creación | Forma de adquisición | Costo | Total préstamos | Signatura topográfica | Código de barras | Última vez visto | Ejemplar | Price effective from | Tipo de ítem |
|---|---|---|---|---|---|---|---|---|---|---|---|---|---|---|---|---|---|---|
| LOCAL | Libro archivo | Archivo Histórico | Archivo Histórico | Archivo histórico | 08/05/2013 | Donación | 0.00 | E02N072 | L000288 | 15/12/2012 | Ej.1 | 03/02/2013 | Libro |